دور التعقل في تعديل العلاقة بين التعلق والرضا الزواجي / (رقم التسجيلة. 179474)

تفاصيل مارك
000 -LEADER
fixed length control field 05388namaa22004211i 4500
003 - CONTROL NUMBER IDENTIFIER
control field OSt
005 - أخر تعامل مع التسجيلة
control field 20260418133226.0
008 - FIXED-LENGTH DATA ELEMENTS--GENERAL INFORMATION
fixed length control field 250827s2025 ua a|||frm||| 000 0 eng d
040 ## - CATALOGING SOURCE
Original cataloguing agency EG-GICUC
Language of cataloging ara
Transcribing agency EG-GICUC
Modifying agency EG-GICUC
Description conventions rda
041 0# - LANGUAGE CODE
Language code of text/sound track or separate title ara
Language code of summary or abstract ara
-- eng
049 ## - Acquisition Source
Acquisition Source إيداع
082 04 - DEWEY DECIMAL CLASSIFICATION NUMBER
Classification number 306.872
092 ## - LOCALLY ASSIGNED DEWEY CALL NUMBER (OCLC)
Classification number 306.872
Edition number 21
097 ## - Degree
Degree مــــاجستير
099 ## - LOCAL FREE-TEXT CALL NUMBER (OCLC)
Local Call Number Cai01.02.11.M.A.2025.تس.د
100 0# - MAIN ENTRY--PERSONAL NAME
Authority record control number or standard number ،تسنيم عبد الفتاح سليمان محمد والي
Preparation إعداد.
245 10 - TITLE STATEMENT
Title دور التعقل في تعديل العلاقة بين التعلق والرضا الزواجي /
Statement of responsibility, etc. إعداد تسنيم عبد الفتاح سليمان محمد والي؛ إشراف أ.د معتز سيد عبد الله، أ.د صفاء إسماعيل مرسي.
246 15 - VARYING FORM OF TITLE
Title proper/short title The moderating role of mindfulness in the relationship between attachment and marital satisfaction /
264 #0 - PRODUCTION, PUBLICATION, DISTRIBUTION, MANUFACTURE, AND COPYRIGHT NOTICE
Date of production, publication, distribution, manufacture, or copyright notice 2025.
300 ## - PHYSICAL DESCRIPTION
Extent 207 صفحة :
Other physical details إيضاحيات ؛
Dimensions 25 سم. +
Accompanying material CD.
336 ## - CONTENT TYPE
Content type term text
Source rda content
337 ## - MEDIA TYPE
Media type term Unmediated
Source rdamedia
338 ## - CARRIER TYPE
Carrier type term volume
Source rdacarrier
502 ## - DISSERTATION NOTE
Dissertation note أطروحة (ماجستير)-جامعة القاهرة، 2025.
504 ## - BIBLIOGRAPHY, ETC. NOTE
Bibliography, etc. note ببليوجرافيا: صفحات 143-169.
520 ## - SUMMARY, ETC.
Summary, etc. يُشير التراث إلى أن لأسلوبي التعلق غير الآمن دورًا مهمًا في تحديد جودة العلاقة معرفيًا وانفعاليًا وسلوكيًا، وتحقيق الرضا الزواجي؛ وأن التعقل يرتبط بالرضا الزواجي. وقد هدفت هذه الدراسة إلى معرفة ما إذا كانت درجة تعقل الفرد تُعَدِّل من العلاقة الارتباطية السالبة بين أسلوبيّ التعلق غير الآمن (القَلِق والتجنبي) والرضا الزواجي للفرد نفسه. وتم التحقق من هذا من خلال تطبيق مقياس التعقل الشامل (CHIME) ومقياس الخبرات في العلاقات الوثيقة المُعَدَّل (ECR-R) ومقياس الرضا الزواجي على ثلاث عينات؛ اثنتين استطلاعيتين (ن1 = 33) و(ن2 = 47) وعينة أساسية (ن3 = 201)، من المتزوجين والمنجبين. وأسفرت النتائج عن وجود ارتباط دال إحصائيًا بين متغيرات الدراسة في العينتين الثانية والثالثة، ما عدا الارتباط بين التعقل والتعلق القَلِق في العينة الثالثة لم يكن دالً إحصائيًا؛ واتضح أن ثلاثة مكونات للتعقل (الوعي بالتصرف، وتقبل الخبرة دون إصدار أحكام، والوعي بالخبرة دون تمركز أو تسرع) ترتبط بالرضا الزواجي دون غيرها من المكونات الأخرى؛ وظهر التأثير المُعدِّل للتعقل في العلاقة بين التعلق التجنبي والرضا الزواجي في العينة الثانية فقط. وتمت مناقشة النتائج في ضوء الدراسات السابقة، والإشارة إلى بعض الفروق الجندرية، والتوصيات للبحوث المستقبلية.
520 ## - SUMMARY, ETC.
Summary, etc. This study aimed to determine whether an individual's level of Mindfulness moderates the negative correlation between insecure Attachment styles (anxious and avoidant) and the individual's Marital satisfaction. This was examined by applying the Comprehensive Mindfulness Scale (CHIME), the Experiences in Close Relationships Scale (ECR-R), and the Marital Satisfaction Scale on three samples: (N1= 33), and (N2= 47), and (N3 = 201) of married individuals with children. The results revealed a statistically significant correlation between the study variables in the second and third samples, except for the correlation between mindfulness and anxious attachment in the third sample, which was not statistically significant. It was found that three components of mindfulness (Acting with awareness, Acceptance without judgment, and Nonreactive decentering) are associated with marital satisfaction more than other components. The moderating effect of mindfulness on the relationship between avoidant attachment and marital satisfaction was observed only in the second sample. The results were discussed in terms of previous studies, noting some gender differences, and recommendations for future research.
530 ## - ADDITIONAL PHYSICAL FORM AVAILABLE NOTE
Issues CD صدر أيضًا كقرص مدمج.
546 ## - LANGUAGE NOTE
Text Language النص بالعربية والملخص باللغة الإنجليزية والعربية.
650 #7 - SUBJECT ADDED ENTRY--TOPICAL TERM
Topical term or geographic name entry element الأزواج و الزوجات
Source of heading or term qrmak
653 #0 - INDEX TERM--UNCONTROLLED
Uncontrolled term نظرية التعلق
-- أساليب التعلق غير الآمن
-- أسلوب التعلق القلق
700 0# - ADDED ENTRY--PERSONAL NAME
Personal name معتز سيد عبد الله
Relator term مشرف أطروحة.
700 0# - ADDED ENTRY--PERSONAL NAME
Personal name صفاء إسماعيل مرسي
Relator term مشرف أطروحة.
900 ## - Thesis Information
Grant date 15-04-2025
Supervisory body معتز سيد عبد الله
-- صفاء إسماعيل مرسي
Discussion body الطاهرة محمود المغربي
-- أحمد عبد الفتاح أحمد
Universities جامعة القاهرة
Faculties كلية الآداب
Department قسم علم النفس الاجتماعي والشخصية
905 ## - Cataloger and Reviser Names
Cataloger Name Sara Salah
Reviser Names Afaf
942 ## - ADDED ENTRY ELEMENTS (KOHA)
Source of classification or shelving scheme Dewey Decimal Classification
Koha item type Thesis
Edition 21
Suppress in OPAC No
المقتنيات
Source of classification or shelving scheme Home library Current library Date acquired Inventory number Full call number Barcode Date last seen Effective from Koha item type
Dewey Decimal Classification المكتبة المركزبة الجديدة - جامعة القاهرة قاعة الرسائل الجامعية - الدور الاول 14.04.2026 33099 Cai01.02.11.M.A.2025.تس.د 01010100033099000 14.04.2026 14.04.2026 Thesis
Cairo University Libraries Portal Implemented & Customized by: Eng. M. Mohamady Contacts: new-lib@cl.cu.edu.eg | cnul@cl.cu.edu.eg
CUCL logo CNUL logo
© All rights reserved — Cairo University Libraries
CUCL logo
Implemented & Customized by: Eng. M. Mohamady Contact: new-lib@cl.cu.edu.eg © All rights reserved — New Central Library
CNUL logo
Implemented & Customized by: Eng. M. Mohamady Contact: cnul@cl.cu.edu.eg © All rights reserved — Cairo National University Library